[Event "TCh-CZE Liga1 Vychod"]
[Site "Czech Rep CZE"]
[Date "2011.10.02"]
[Round "1"]
[White "Chytilek, Roman"]
[Black "Stachowiak, Kamil"]
[Result "0-1"]
[WhiteElo "2393"]
[BlackElo "2425"]

1.d4 d5 2.c4 e6 3.Nc3 c6 4.e3 Nf6 5.Nf3 Nbd7 6.Bd3 dxc4 7.Bxc4 b5 8.Bd3 Bb7
9.O-O a6 10.e4 c5 11.d5 Qc7 12.dxe6 fxe6 13.Qe2 c4 14.Bc2 e5 15.a4 b4 16.Nd5 Qc6
17.Be3 a5 18.Rac1 Ba6 19.Qd1 Rc8 20.Re1 Bc5 21.Bxc5 Qxc5 22.Ng5 Rc6 23.Ne3 O-O
24.Bb3 Nb6 25.Nxc4 Nxc4 26.Bxc4+ Bxc4 27.b3 Ng4 28.bxc4 Qxf2+ 29.Kh1 Qf4
30.Qd5+ Kh8 31.Nf3 Rh6  0-1

[Event "1st Qinhuangdao Open"]
[Site "Qinhuangdao CHN"]
[Date "2011.10.02"]
[Round "3"]
[White "Wu Wenjin"]
[Black "Lu Shanglei"]
[Result "0-1"]
[WhiteElo "2387"]
[BlackElo "2517"]

1.d4 d5 2.c4 c6 3.e3 Nf6 4.Nc3 e6 5.Nf3 Nbd7 6.Bd3 dxc4 7.Bxc4 b5 8.Bd3 a6
9.e4 c5 10.d5 Bb7 11.dxe6 fxe6 12.O-O c4 13.Bc2 Qc7 14.Nd4 Nc5 15.Qf3 O-O-O
16.Be3 h5 17.Qh3 Ng4 18.b4 cxb3 19.Bxb3 Kb8 20.Nxe6 Nxe6 21.Bxe6 Bd6 22.Rad1 Bxh2+
23.Kh1 Bf4 24.Rxd8+ Rxd8 25.Nd5 Bxd5 26.exd5 Rf8 27.Qxh5 g6 28.Qh3 Nxe3 29.fxe3 Qc3
30.Qf3 Bd6 31.Qe2 Rh8+ 32.Kg1 Qe5 33.g4 Qg3+ 34.Qg2 Qxe3+ 35.Qf2 Bh2+  0-1

[Event "Belgrade Premier League 2011"]
[Site "Belgrade SRB"]
[Date "2011.10.03"]
[Round "3.1"]
[White "Dimic,P"]
[Black "Petrovic,Igor R"]
[Result "1/2-1/2"]
[WhiteElo "2017"]
[BlackElo "2120"]

1.d4 d5 2.Nf3 Nf6 3.c4 e6 4.Nc3 c6 5.e3 Nbd7 6.Bd3 Bd6 7.O-O O-O 8.e4 dxe4
9.Nxe4 Nxe4 10.Bxe4 Nf6 11.Bg5 h6 12.Bxf6 Qxf6 13.Bc2 e5 14.c5 Bc7 15.d5 cxd5
16.Qxd5 Rb8 17.Rfe1 g6  1/2-1/2

[Event "ch-HUN w 2011"]
[Site "Szeged HUN"]
[Date "2011.10.03"]
[Round "7"]
[White "Rudolf,An"]
[Black "Varga,Me"]
[Result "1-0"]
[WhiteElo "2359"]
[BlackElo "2139"]

1.d4 d5 2.c4 c6 3.Nf3 Nf6 4.e3 e6 5.Nc3 Nbd7 6.Qc2 Bd6 7.Bd3 dxc4 8.Bxc4 O-O
9.O-O b5 10.Bd3 Bb7 11.Ng5 h6 12.Nge4 Be7 13.Bd2 e5 14.Rad1 a6 15.Nxf6+ Bxf6
16.Ne4 Be7 17.Ng3 c5 18.Bf5 exd4 19.exd4 c4 20.d5 Bd6 21.Bc3 Nf6 22.b3 cxb3
23.Qxb3 a5 24.a4 b4 25.Bd4 Re8 26.Qb2 Be7 27.Be5 Bd6 28.Bxf6 Qxf6 29.Qxf6 gxf6
30.Ne4 Be7 31.d6 Bd8 32.Nc5 Bxg2 33.Kxg2 Re5 34.Be4 Rc8 35.Rd5 Rxc5 36.Rfd1 Kf8
37.d7 Rcxd5 38.Bxd5 Ke7 39.Bc6 Re6 40.Bb5 Re5 41.Rd3 Re1 42.Kf3 Ra1 43.Ke4 Ra3
44.Rd2 b3 45.Rb2 Ra2 46.Rxb3 Rxf2 47.Kd5 Rd2+ 48.Kc6 Rc2+ 49.Kb7 Rc7+ 50.Ka6 Rc5
51.h4 Kd6 52.Kb7 Rc7+ 53.Kb8 Rc5 54.Rg3 Bc7+ 55.Kb7 Ke7 56.Rg8 f5 57.Rc8 Kd6
58.Rh8 f4 59.Rxh6+ Ke7 60.Rh8 f3 61.Re8+ Kd6 62.Re3 f2 63.Rf3 Bd8 64.Rxf2 Bxh4
65.Rd2+ Rd5 66.Rh2 Be7 67.Bc6 Rd4 68.Rh8 Kc5 69.Rh5+ Kd6 70.Rxa5 Rb4+ 71.Bb5 Bd8
72.Ra8 Ke7 73.Rc8 f6 74.Rc5 Kd6 75.Rh5 Ke7 76.Rh7+ Kd6 77.Rh8 Rxb5+ 78.axb5 Kxd7
79.Rxd8+ Kxd8 80.b6 f5 81.Ka7  1-0

[Event "20th TCh-CRO 1a"]
[Site "Sibenik CRO"]
[Date "2011.10.04"]
[Round "1.5"]
[White "Rezan,S"]
[Black "Novak,Rat"]
[Result "1-0"]
[WhiteElo "2429"]
[BlackElo "2162"]

1.c4 c6 2.d4 d5 3.Nc3 Nf6 4.Nf3 e6 5.e3 Nbd7 6.Qc2 Bd6 7.b3 O-O 8.Be2 e5
9.cxd5 cxd5 10.Nb5 Bb4+ 11.Bd2 Bxd2+ 12.Nxd2 e4 13.Qc7 Qe7 14.Qd6 Qxd6 15.Nxd6 Rd8
16.Rc1 Nb6 17.Nb5 a6 18.Nc7 Rb8 19.a4 Bg4 20.Bxg4 Nxg4 21.a5 Nc8 22.Ke2 Ne7
23.Rc5 Nf6 24.Rhc1 Nd7 25.R5c2 Kf8 26.Rc3 Kg8 27.b4 Nf6 28.Nb3 Nc8 29.Rc5 Kf8
30.h3 h5 31.Nd2 Ke7 32.g4 hxg4 33.hxg4 g5 34.Nf1 Kf8 35.Ng3 Ne7 36.Nf5 Nxf5
37.gxf5 b6 38.Rc6 Nd7 39.Nxa6 Rb7 40.Rc7 Rxc7 41.Nxc7 bxa5 42.bxa5 Ke7 43.Nxd5+ Kd6
44.Nc3 Nf6 45.Nb5+ Ke7 46.Rc7+ Kf8 47.a6 Nd5 48.a7 Nxc7 49.Nxc7  1-0

[Event "Oslo GM Open"]
[Site "Oslo NOR"]
[Date "2011.10.05"]
[Round "5.27"]
[White "Mihajlov,S"]
[Black "Lillevold,F"]
[Result "0-1"]
[WhiteElo "2122"]
[BlackElo "2164"]

1.d4 d5 2.c4 e6 3.Nc3 c6 4.e3 Nf6 5.Nf3 Nbd7 6.Qc2 Bd6 7.Bd3 O-O 8.O-O Re8
9.e4 dxe4 10.Nxe4 Nxe4 11.Bxe4 h6 12.Rd1 Qc7 13.g3 b6 14.c5 bxc5 15.Be3 Nf6
16.dxc5 Bf8 17.Bd3 e5 18.Be2 Nd5 19.Bd2 e4 20.Nh4 e3 21.Bxe3 Nxe3 22.fxe3 Rxe3
23.Ng2 Re5 24.b4 a5 25.a3 Bf5 26.Bd3 Bg4 27.Re1 g5 28.Qc4 Be6 29.Qc2 Bg7
30.Bc4 Bf5 31.Qf2 Bg6 32.Rad1 Rd8 33.Ne3 axb4 34.axb4 Qe7 35.Rxd8+ Qxd8 36.Rd1 Qe7
37.Nf1 Re4 38.Rd6 Rxc4 39.Qd2 Qe4  0-1

[Event "Oslo GM Open"]
[Site "Oslo NOR"]
[Date "2011.10.05"]
[Round "5.8"]
[White "Urkedal,F"]
[Black "Welling,G"]
[Result "1/2-1/2"]
[WhiteElo "2447"]
[BlackElo "2322"]

1.d4 d5 2.c4 c6 3.Nf3 Nf6 4.e3 e6 5.Nc3 a6 6.Bd3 dxc4 7.Bxc4 b5 8.Bd3 c5
9.O-O Bb7 10.Qe2 Nbd7 11.Rd1 cxd4 12.exd4 Be7 13.Bf4 O-O 14.Rac1 Rc8 15.Ne5 Nb6
16.Bg5 Nbd5 17.Ne4 Nxe4 18.Rxc8 Qxc8 19.Qxe4 f5 20.Qh4 Bxg5 21.Qxg5 Qd8 22.Qd2 Nf6
23.Be2 Qa8 24.Bf1 Bd5 25.b3 Rc8 26.Rc1 Qb7 27.f3 Nd7 28.Nd3 Rxc1 29.Qxc1 Qc6
30.Qxc6 Bxc6 31.Kf2 Kf7 32.Ne5+ Nxe5 33.dxe5 Ke7 34.Ke3 Kd7 35.Kd4 Kc7 36.Kc5 g5
37.Be2 h6 38.Bd3 h5 39.Be2 h4 40.g3 hxg3 41.hxg3 f4 42.gxf4 gxf4 43.b4 Bd5
44.a3 Bb7 45.Bd1 Bd5 46.Be2 Bc6 47.Bd1 Bd5 48.Be2 Bc6  1/2-1/2

[Event "Belgrade Premier League 2011"]
[Site "Belgrade SRB"]
[Date "2011.10.06"]
[Round "6.2"]
[White "Milicevic,A"]
[Black "Kerecki,L"]
[Result "1-0"]
[WhiteElo "2222"]
[BlackElo "2129"]

1.d4 Nf6 2.c4 c6 3.Nc3 d5 4.Nf3 e6 5.e3 a6 6.b3 b5 7.Be2 Bb4 8.Bd2 Bd6 9.O-O Nbd7
10.Rc1 O-O 11.Qc2 Bb7 12.e4 b4 13.Nxd5 cxd5 14.e5 Be7 15.exf6 Nxf6 16.c5 a5
17.Bf4 Ne4 18.Bd3 Ba6 19.Rfe1 Bxd3 20.Qxd3 Qc8 21.Ne5 Bh4 22.Be3 Qa6 23.Qc2 Qb5
24.g3 Bf6 25.Ng4 Be7 26.f3 Nc3 27.a4 Qa6 28.Kf2 f5 29.Ne5 f4 30.Bxf4 Rxf4
31.gxf4 Bh4+ 32.Kg2 Bxe1 33.Rxe1 Rf8 34.Kg3 Qc8 35.Qd3 Qd8 36.Qe3 Rf6 37.Ng4 Rg6
38.Qe5 Qf8 39.c6 Qc8 40.c7 Kf7 41.f5 Rg5 42.Qxe6+  1-0

[Event "FSFMB Oct"]
[Site "Budapest HUN"]
[Date "2011.10.06"]
[Round "6"]
[White "Czipp,J"]
[Black "Somogyi,Akos"]
[Result "1-0"]
[WhiteElo "1467"]
[BlackElo "1295"]

1.d4 d5 2.c4 c6 3.Nc3 Nf6 4.Nf3 e6 5.e3 dxc4 6.Bxc4 b5 7.Bd3 Bb4 8.a3 Bxc3+
9.bxc3 O-O 10.O-O Nd5 11.Bb2 Nd7 12.c4 bxc4 13.Bxc4 Qa5 14.Qd3 N7b6 15.Ba2 Na4
16.Bc1 Ba6 17.Bc4 Bxc4 18.Qxc4 c5 19.Bd2 Ndb6 20.Qe2 Nc3 21.Bxc3 Qxc3 22.Rfc1 Qb3
23.dxc5 Na4 24.Nd4 Qb2 25.Qc4 Rab8 26.Qxa4 Rb7 27.Nc6 Qd2 28.Rc2 Qd5 29.Rc4 Qd2
30.Rd1 Qb2 31.Rb4 Rxb4 32.Qxb4 Qc2 33.Qd4 Qa2 34.Qb4 Qc2 35.Rb1 h6 36.Nd4 Qd3
37.Rc1 Rd8 38.Qb3 Qxb3 39.Nxb3 Kh7 40.c6 f5 41.Na5 g5 42.c7 Rc8 43.Nb7 Kg8
44.Nd6 Rf8 45.c8=Q Rxc8 46.Rxc8+ Kh7 47.g4 a5 48.f4 Kg7  1-0

[Event "Oslo GM Open"]
[Site "Oslo NOR"]
[Date "2011.10.06"]
[Round "6.4"]
[White "Kulaots,K"]
[Black "Elsness,F"]
[Result "0-1"]
[WhiteElo "2592"]
[BlackElo "2491"]

1.d4 d5 2.c4 c6 3.Nc3 Nf6 4.e3 e6 5.Nf3 Nbd7 6.Qc2 Bd6 7.Bd3 dxc4 8.Bxc4 O-O
9.O-O a6 10.Rd1 b5 11.Bf1 Qc7 12.e4 e5 13.g3 Re8 14.Bg2 Bb7 15.dxe5 Nxe5
16.Nd4 Ng6 17.Nf5 Bc5 18.h3 h5 19.Ne2 Qb6 20.Nf4 Rad8 21.Rxd8 Rxd8 22.Nd3 Bf8
23.Be3 Qc7 24.Rc1 Re8 25.Nf4 c5 26.f3 c4 27.Nxg6 fxg6 28.Bf4 Qb6+ 29.Be3 Qc7
30.Bf4 Bc5+ 31.Kh2 Qb6 32.Nh4 Nh7 33.Bd2 Be7 34.Bc3 Rd8 35.Rd1 Nf8 36.Rxd8 Qxd8
37.Qc1 Kh7 38.f4 Bxh4 39.gxh4 Qxh4 40.Qe3 Ne6 41.Be5 Qe7 42.Qb6 Qd7 43.a3 Qc6
44.Qe3 Nc5 45.Qd4 Ne6 46.Qd1 Kg8 47.h4 Nf8 48.Qd4 Qd7 49.Bd6 Qg4 50.Qf2 Qe6
51.Qd4 Qf6 52.Qxf6 gxf6 53.Kg3 f5 54.Bxf8 Kxf8 55.e5 Bxg2 56.Kxg2 Ke7 57.Kf2 Ke6
58.Ke3 Kd5 59.Kd2 a5 60.Kc3 Kc5 61.Kd2 b4 62.a4 Kd5 63.Kc2 g5  0-1

[Event "1st Qinhuangdao Open"]
[Site "Qinhuangdao CHN"]
[Date "2011.10.06"]
[Round "8"]
[White "Wen Yang"]
[Black "Hoang Thi Bao Tram"]
[Result "1-0"]
[WhiteElo "2547"]
[BlackElo "2331"]

1.d4 d5 2.c4 c6 3.Nc3 Nf6 4.e3 e6 5.Nf3 Nbd7 6.Qc2 Be7 7.b3 b6 8.Bd3 Bb7
9.O-O O-O 10.Bb2 h6 11.Rad1 Qc7 12.Qe2 Qd8 13.Qc2 Qc7 14.Qe2 Rad8 15.Ne5 c5
16.f4 Qb8 17.Qe1 Ne4 18.Bxe4 dxe4 19.Qg3 Nf6 20.d5 exd5 21.Nxd5 Bxd5 22.cxd5 Qb7
23.Nc6 Rde8 24.Ne5 Rd8 25.Nc6 Rde8 26.f5 Nh5 27.Nxe7+ Qxe7 28.Qh3 Qg5 29.d6 Nf6
30.d7 Rd8 31.Bxf6 Qxf6 32.Qg4 Qc6 33.f6 g6 34.Qf4 Kh7 35.Rd6 Qb5 36.Rfd1 c4
37.R6d5 Qc6 38.Qd6 Qb7 39.bxc4 Qa6 40.c5 Qe2 41.c6  1-0

[Event "20th TCh-CRO 1a"]
[Site "Sibenik CRO"]
[Date "2011.10.06"]
[Round "3.2"]
[White "Mufic,Go"]
[Black "Filippov,An UZB"]
[Result "0-1"]
[WhiteElo "2276"]
[BlackElo "2606"]

1.d4 Nf6 2.Nf3 d5 3.e3 c6 4.c4 e6 5.Nc3 Nbd7 6.Qc2 Bd6 7.g4 dxc4 8.g5 Nd5
9.Bxc4 e5 10.Bd2 O-O 11.dxe5 Nxe5 12.Nxe5 Bxe5 13.O-O-O Bg4 14.Ne2 Bf3 15.Rhe1 Qxg5
16.Kb1 Qh4 17.Bd3 Rad8 18.Rc1 Nb4 19.Bxb4 Qxb4 20.Nd4 Bxd4 21.Bxh7+ Kh8 22.exd4 Rxd4
23.Qc3 Kxh7 24.Qxf3 Rd2 25.b3 Kg8 26.Re2 Rfd8 27.Rce1 Rxe2 28.Rxe2 a5 29.Kc2 Qa3
30.Kc3 Qc1+ 31.Rc2 Qa1+ 32.Rb2 Qe1+ 33.Kc4 Qb4+  0-1

[Event "20th TCh-CRO 1a"]
[Site "Sibenik CRO"]
[Date "2011.10.06"]
[Round "3.4"]
[White "Rezan,S"]
[Black "Rogic,D"]
[Result "0-1"]
[WhiteElo "2429"]
[BlackElo "2570"]

1.d4 d5 2.c4 c6 3.Nc3 Nf6 4.e3 e6 5.Nf3 Nbd7 6.Qc2 Bd6 7.b3 O-O 8.Bb2 b6
9.Bd3 Bb7 10.O-O Rc8 11.Rad1 c5 12.cxd5 cxd4 13.Nxd4 Nxd5 14.Bxh7+ Kh8 15.Be4 N7f6
16.Bxd5 Nxd5 17.Qd3 Nxc3 18.Bxc3 Bxh2+ 19.Kxh2 Qh4+ 20.Kg1 Bxg2 21.Kxg2 Qg4+
22.Kh2 Qh4+ 23.Kg2 Qg4+ 24.Kh2 Rc5 25.Nf5 Rxf5 26.Bxg7+ Qxg7  0-1

[Event "12th Karpov Int"]
[Site "Poikovsky RUS"]
[Date "2011.10.07"]
[Round "4"]
[White "Jakovenko,D"]
[Black "Rublevsky,S"]
[Result "1/2-1/2"]
[WhiteElo "2716"]
[BlackElo "2681"]

1.d4 d5 2.c4 c6 3.Nc3 Nf6 4.e3 e6 5.Nf3 a6 6.b3 Bb4 7.Bd2 Nbd7 8.Bd3 O-O
9.O-O Bd6 10.Qc2 h6 11.Ne2 Re8 12.Rad1 e5 13.dxe5 Nxe5 14.Nxe5 Bxe5 15.cxd5 cxd5
16.h3 Bd7 17.Bc3 Rc8 18.Qb2 Bxc3 19.Nxc3 Qc7 20.Ne2 Qe5 21.Qxe5 Rxe5 22.Rfe1 a5
23.Nd4 Rc3 24.f3 g6 25.Kf2 Kf8 26.Rd2 Re8 27.g4 Rec8 28.Ne2 R3c5 29.Rb1 Bb5
30.Bxb5 Rxb5 31.Nd4 Rbc5 32.b4 axb4 33.Rxb4 R8c7 34.Rdb2 Ra5 35.Rb6 Nd7 36.Rxg6 Ne5
37.Rgb6 Nd3+ 38.Kg3 Nxb2 39.Rxb2 b5 40.Rxb5 Rxb5 41.Nxb5 Rc2 42.a4 Rc4 43.Nd4 Rxa4
44.Nf5 Ra6 45.h4 Re6 46.Kf4 Kg8 47.h5 Kh7 48.Nd4 Re8 49.Nb5 Re6 50.Nd4  1/2-1/2

[Event "1st Qinhuangdao Open"]
[Site "Qinhuangdao CHN"]
[Date "2011.10.07"]
[Round "9"]
[White "Zhang Ziyang"]
[Black "Lu Shanglei"]
[Result "1-0"]
[WhiteElo "2414"]
[BlackElo "2517"]

1.Nf3 Nf6 2.c4 e6 3.Nc3 d5 4.e3 c6 5.d4 Nbd7 6.Qc2 Bd6 7.Bd3 O-O 8.O-O dxc4
9.Bxc4 e5 10.h3 exd4 11.exd4 Nb6 12.Bb3 h6 13.Bxh6 gxh6 14.Qg6+ Kh8 15.Qxh6+ Nh7
16.Ne4 Be7 17.Nf6 Bf5 18.Nh5 Bf6 19.Ng5 Bxd4 20.h4 Nd5 21.Rad1 Qb6 22.Rxd4 Qxd4
23.Rd1 Qxb2 24.Bxd5 cxd5 25.Rxd5 Bg6 26.Kh2  1-0

[Event "Continental Class Ch."]
[Site "Arlington USA"]
[Date "2011.10.08"]
[Round "5"]
[White "Kekelidze,M"]
[Black "Sarkar,J"]
[Result "1/2-1/2"]
[WhiteElo "2459"]
[BlackElo "2377"]

1.d4 d5 2.c4 c6 3.Nc3 Nf6 4.Nf3 e6 5.e3 Nbd7 6.Bd3 dxc4 7.Bxc4 b5 8.Bb3 b4
9.Ne2 Ba6 10.O-O Rc8 11.Re1 Bd6 12.Ng3 c5 13.e4 Bxg3 14.hxg3 c4 15.Bc2 Bb7
16.e5 Bxf3 17.Qxf3 Nd5 18.Qg4 Kf8 19.Bg5 Qb6 20.Rac1 h6 21.Bd2 c3 22.bxc3 bxc3
23.Be3 Qa5 24.Bb3 N7b6 25.Qe2 g6 26.g4 Kg7 27.g3 Nxe3 28.fxe3 Qb4 29.Qf2 Qe7
30.Rf1 Rc7 31.Qf6+ Qxf6 32.exf6+ Kh7 33.Kf2 Nd5 34.Ke2 Rb8 35.g5 c2 36.Rh1 h5
37.Bxd5 exd5 38.Rh2 Rb1 39.Kd2 Rxc1 40.Kxc1 Rc3 41.Rxc2 Rxe3 42.Rc7 Rxg3
43.Rxf7+ Kg8 44.Rg7+ Kf8 45.Rxg6 Rg2 46.Rg7 h4 47.Rh7 Rxg5 48.Rxh4 Rg2 49.Kb1 Kf7
50.Rh7+ Kxf6 51.Rxa7 Kf5 52.Re7 Rd2 53.Re5+ Kf4 54.Rxd5 Ke4 55.Rc5 Kxd4 56.Rc7 Rg2
57.a4 Kd5 58.a5 Kd6 59.Rc3 Rg5 60.a6 Ra5 61.Rg3 Kc6 62.Rg6+ Kb5 63.Rg5+ Kxa6
64.Rxa5+ Kxa5  1/2-1/2

[Event "Mitropa Cup"]
[Site "Merlimont FRA"]
[Date "2011.10.08"]
[Round "1"]
[White "Krejci,Jan2"]
[Black "Godena,M"]
[Result "1/2-1/2"]
[WhiteElo "2489"]
[BlackElo "2527"]

1.Nf3 d5 2.c4 e6 3.d4 Nf6 4.Nc3 c6 5.e3 Nbd7 6.Bd3 Bd6 7.O-O O-O 8.e4 dxc4
9.Bxc4 e5 10.Bg5 Qe7 11.Re1 Rd8 12.Bb3 exd4 13.Nxd4 Nc5 14.Qe2 Bg4 15.Bxf6 Qxf6
16.Qxg4 Qxd4 17.Rad1 Qe5 18.g3 h5 19.Qe2 Nxb3 20.axb3 Bb4 21.Qc4 Qc5  1/2-1/2

[Event "Governor's Cup"]
[Site "Saratov RUS"]
[Date "2011.10.08"]
[Round "1"]
[White "Ponomariov,R"]
[Black "Shirov,A"]
[Result "1/2-1/2"]
[WhiteElo "2758"]
[BlackElo "2713"]

1.d4 d5 2.c4 c6 3.Nc3 Nf6 4.e3 e6 5.Nf3 Nbd7 6.Qc2 Bd6 7.Bd3 O-O 8.O-O dxc4
9.Bxc4 b5 10.Bd3 Bb7 11.e4 e5 12.h3 a6 13.dxe5 Nxe5 14.Nxe5 Bxe5 15.Be3 Re8
16.f4 Bxc3 17.bxc3 c5 18.e5 c4 19.Bf5 g6 20.Rad1 Nd5 21.Be4 Nxe3 22.Rxd8 Nxc2
23.Rxa8 Bxa8 24.Bxc2 f6 25.Rd1 fxe5 26.fxe5 Kf7 27.Rd6 Re6 28.Rd7+ Re7 29.Rd6 Rxe5
30.Rxa6 Bxg2 31.Bxg6+ hxg6 32.Kxg2 Re3 33.Rb6 Rxc3 34.Rxb5 Ra3 35.Rc5 Rxa2+
36.Kf3 Rc2 37.h4 Rc3+ 38.Ke2 Kf6 39.h5 g5 40.h6  1/2-1/2

[Event "49th ch-IND NatA"]
[Site "Aurangabad IND"]
[Date "2011.10.09"]
[Round "1"]
[White "Karthikeyan,P2"]
[Black "Gupta,Ab"]
[Result "0-1"]
[WhiteElo "2408"]
[BlackElo "2625"]

1.d4 d5 2.c4 c6 3.Nf3 Nf6 4.Nc3 e6 5.e3 Nbd7 6.Qc2 Bd6 7.Bd3 O-O 8.O-O dxc4
9.Bxc4 b5 10.Be2 Bb7 11.Rd1 Qb8 12.e4 e5 13.g3 exd4 14.Nxd4 g6 15.a3 a5 16.Bf3 Re8
17.Nce2 Be5 18.Bf4 Qa7 19.Bg2 Qb6 20.a4 b4 21.Rac1 Rac8 22.h3 Ba6 23.Be3 c5
24.Nb5 Bxb5 25.axb5 Qxb5 26.f4 Bb8 27.e5 Nb6 28.Kf2 Nfd7 29.h4 Nf8 30.h5 Ne6
31.hxg6 hxg6 32.Qe4 c4 33.Nd4 Nxd4 34.Qxd4 Ba7 35.Bh3 Rc7 36.Qd6 Rc6 37.Qd4 Rc7
38.Qe4 Na4 39.Bxa7 Rxa7 40.Kg2 Qb7 41.Qxb7 Rxb7 42.Rd7 Rbb8 43.Rxc4 Nb6 44.Rc5 Nxd7
45.Bxd7 Red8 46.e6 fxe6 47.Bxe6+ Kg7 48.Rc7+ Kh8 49.Kh3 a4 50.Kh4 Rd6 51.Bc4 a3
52.b3  0-1

[Event "TCh-POL Ekstraliga"]
[Site "Katowice POL"]
[Date "2011.10.09"]
[Round "9"]
[White "Wojcieszyn,J"]
[Black "Bulski,K"]
[Result "0-1"]
[WhiteElo "2262"]
[BlackElo "2482"]

1.d4 d5 2.Nf3 Nf6 3.c4 c6 4.Nc3 e6 5.e3 Nbd7 6.cxd5 exd5 7.Bd3 Bd6 8.O-O O-O
9.Rb1 a5 10.Bd2 Re8 11.Qc2 Qe7 12.Rfc1 Ne4 13.Be1 Nb6 14.Nd2 f5 15.Ne2 a4
16.f3 Nxd2 17.Bxd2 g6 18.Re1 Nc4 19.Nc3 Qh4 20.f4 b5 21.Rbc1 Bd7 22.Re2 Qd8
23.b3 axb3 24.axb3 Nxd2 25.Qxd2 Ra3 26.Qb2 Qa5 27.Na2 Rxe3 28.b4 Rxe2 29.Qxe2 Qa7
30.Bb1 Qxd4+  0-1

[Event "Oslo GM Open"]
[Site "Oslo NOR"]
[Date "2011.10.09"]
[Round "9.3"]
[White "Hammer,J"]
[Black "Elsness,F"]
[Result "1/2-1/2"]
[WhiteElo "2601"]
[BlackElo "2491"]

1.Nf3 d5 2.d4 Nf6 3.c4 c6 4.Nc3 e6 5.e3 Nbd7 6.Qc2 b6 7.Bd3 Bb7 8.O-O Be7
9.b3 O-O 10.Bb2 h6 11.Rac1 Rc8 12.Qe2 dxc4 13.bxc4 c5 14.Rfd1 Qc7 15.d5 exd5
16.Bf5 Rcd8 17.Nxd5 Nxd5 18.cxd5 Bd6 19.Bb1 Rfe8 20.Rc4 Ne5 21.Qc2 g6 22.Rh4 Nxf3+
23.gxf3 Be5 24.f4  1/2-1/2

[Event "TCh-ISL Div1 2011-12"]
[Site "Reykjavik ISL"]
[Date "2011.10.09"]
[Round "4.1"]
[White "Arnason,Ar"]
[Black "Olafsson,D"]
[Result "1/2-1/2"]
[WhiteElo "2134"]
[BlackElo "2325"]

1.d4 Nf6 2.Nf3 d5 3.c4 c6 4.e3 e6 5.Nc3 Nbd7 6.Qc2 Bd6 7.Bd3 O-O 8.O-O dxc4
9.Bxc4 b5 10.Be2 a6 11.e4 e5 12.Bg5 exd4 13.Nxd4 Qc7 14.h3 Re8 15.a3 Be5
16.Nf5 Nc5 17.Bf3 Ne6 18.Be3 Bf4 19.Bxf4 Qxf4 20.e5 Ng5 21.Bxc6 Bxf5 22.Qc1 Qxc1
23.Raxc1 Nfe4 24.Nd5 Rad8 25.Bxe8 Rxd5 26.f4 Ng3 27.fxg5 Nxf1 28.Kxf1 Rxe5
29.Re1 Bd3+ 30.Kf2 Rf5+ 31.Ke3 Bc4 32.h4 g6 33.Bc6 Bd5 34.Rc1 Bxc6 35.Rxc6 a5
36.b4 axb4 37.axb4 Re5+ 38.Kd3 Rf5 39.Ke3 Re5+ 40.Kd3 Rf5 41.Rc5 Rf4 42.Rxb5 Rxh4
43.Rb8+ Kg7 44.b5 Rg4 45.b6 Rxg5 46.b7 Rb5 47.Kc4 Rb1 48.Kc5  1/2-1/2

[Event "11th Winterthur Open"]
[Site "Winterthur SUI"]
[Date "2011.10.09"]
[Round "2"]
[White "Lang,Fa"]
[Black "Nabavi,P"]
[Result "1-0"]
[WhiteElo "2059"]
[BlackElo "2214"]

1.d4 d5 2.c4 e6 3.Nc3 Nf6 4.Nf3 c6 5.e3 Nbd7 6.Bd3 dxc4 7.Bxc4 b5 8.Bd3 Bb7
9.e4 b4 10.Na4 c5 11.Nxc5 Nxc5 12.dxc5 Qa5 13.Qe2 Rc8 14.Bb5+ Bc6 15.Bxc6+ Rxc6
16.Nd4 Rc8 17.Nb3 Qa4 18.Bf4 Bxc5 19.Rc1 Bxf2+ 20.Kxf2 O-O 21.Rxc8 Rxc8 22.Rc1 Rd8
23.Qc2 h6 24.Kg1 g5 25.Be5 Ng4 26.Bd4 e5 27.Qc7 Qd7 28.Qxd7 Rxd7 29.Bc5 Nf6
30.Bxb4 Nxe4 31.Re1 Nf6 32.Rxe5 Nd5 33.Re8+ Kg7 34.Ba5 Nf4 35.Bc3+ Kg6 36.Nd4 Nd5
37.Nf3 Kf5 38.Ba5 Nf4 39.g4+ Kf6 40.Bc3+  1-0

[Event "Lichtenrader Autumn"]
[Site "Berlin GER"]
[Date "2011.10.10"]
[Round "3.11"]
[White "Bubolz,K"]
[Black "Postler,R"]
[Result "0-1"]
[WhiteElo "2127"]
[BlackElo "2367"]

1.d4 d5 2.c4 c6 3.Nc3 Nf6 4.Nf3 e6 5.e3 Nbd7 6.Bd3 dxc4 7.Bxc4 b5 8.Bd3 Bd6
9.O-O O-O 10.e4 e5 11.Ne2 Re8 12.Bg5 Bb7 13.Qd2 exd4 14.Nexd4 Ne5 15.Nxe5 Bxe5
16.Nf5 h6 17.Be3 Ng4 18.f4 Nxe3 19.Qxe3 Bxb2 20.Qg3 Bc8 21.Nxh6+ Kf8 22.Rad1 gxh6
23.e5 Be6 24.f5 Bd5 25.f6 Rxe5 26.Qg7+ Ke8 27.Bg6 Kd7 28.Bxf7 Kd6 29.Qg3 Qb6+
30.Kh1 Qe3 31.Qh4 a5 32.Rfe1 Qg5 33.Qf2 Bd4 34.Rxe5 Bxf2 35.Rxg5 hxg5 36.Bxd5 cxd5
37.Rf1 Bd4 38.Rf5 Rf8 39.Rxg5 Rxf6 40.h4 Rf2 41.h5 b4 42.h6 a4 43.h7 b3  0-1

[Event "TCh-ROU Superliga 2011"]
[Site "Brasov ROU"]
[Date "2011.10.10"]
[Round "3.2"]
[White "Manolache,M"]
[Black "Dobre,ClC"]
[Result "1-0"]
[WhiteElo "2535"]
[BlackElo "2344"]

1.d4 d5 2.c4 c6 3.Nf3 Nf6 4.Nc3 e6 5.e3 Nbd7 6.b3 a5 7.Bd3 a4 8.Bd2 dxc4
9.bxc4 Bb4 10.Qc2 O-O 11.Nxa4 Bxd2+ 12.Nxd2 e5 13.O-O Re8 14.c5 exd4 15.exd4 b5
16.cxb6 Nxb6 17.Nxb6 Qxb6 18.Nb3 Be6 19.Bc4 Bxc4 20.Qxc4 Qa6 21.Qxa6 Rxa6
22.a4 Nd7 23.Rfc1 Rb8 24.Ra3 Kf8 25.Kf1 Ke7 26.Ke2 Rb4 27.a5 Kd6 28.Rc3 Kd5
29.Rf3 f6 30.Re3 Kd6 31.Kd3 c5 32.dxc5+ Nxc5+ 33.Nxc5 Kxc5 34.Re7 Rg4 35.g3 h5
36.Ke3 g5 37.Re4 f5 38.Re5+ Kb4 39.Ra1 f4+ 40.gxf4 gxf4+ 41.Kd4 Rg2 42.Re8 Rd6+
43.Ke5 Ra6 44.Rb8+ Kc3 45.Kxf4 Kd3 46.Ra3+ Kd4 47.Ra4+ Kc5 48.Ra2 Rxh2 49.Ke5 Kc6
50.Rc2+ Kd7 51.Rb7+ Kd8 52.Rb8+ Kd7 53.Rb7+ Kd8 54.Rd2+ Kc8 55.Rb6 Rxb6 56.axb6 Kb7
57.Rb2 Rg2 58.Kf4 h4 59.Kf3 h3 60.Rb4 Rg6 61.Rh4 Kxb6 62.Rxh3 Kc6 63.Ke4 Kd6
64.Kf5 Rg2 65.f4 Ke7 66.Rh7+ Ke8 67.Kf6 Rf2 68.f5 Rf1 69.Rh8+ Kd7 70.Rf8 Rf2
71.Kg7 Rf1 72.f6 Rg1+ 73.Kf7 Ra1 74.Rb8 Ra7 75.Kg8  1-0

[Event "II Oliver Gonzalez Memorial"]
[Site "Madrid ESP"]
[Date "2011.10.10"]
[Round "3.44"]
[White "Yeves Miquel,Enrique"]
[Black "Grebstad,K"]
[Result "0-1"]
[WhiteElo "1677"]
[BlackElo "1986"]

1.d4 d5 2.c4 c6 3.Nc3 Nf6 4.e3 e6 5.Nf3 Nbd7 6.Qc2 Bd6 7.Bd3 O-O 8.O-O dxc4
9.Bxc4 e5 10.e4 exd4 11.Nxd4 Nb6 12.Qd3 Bxh2+ 13.Kxh2 Ng4+ 14.Kg1 Ne5 15.Qg3 Nbxc4
16.Nf3 Nxf3+ 17.gxf3 Re8 18.Kg2 Re6 19.Kh2 Rg6 20.Qf4 Qd7  0-1

[Event "Mitropa Cup"]
[Site "Merlimont FRA"]
[Date "2011.10.10"]
[Round "3"]
[White "Dvirnyy,D"]
[Black "Halvax,G"]
[Result "1/2-1/2"]
[WhiteElo "2457"]
[BlackElo "2326"]

1.d4 d5 2.c4 e6 3.Nc3 c6 4.e3 Nf6 5.Nf3 Nbd7 6.Qc2 Bd6 7.Bd3 dxc4 8.Bxc4 O-O
9.O-O a6 10.Rd1 b5 11.Bf1 Qc7 12.a4 Bb7 13.Bd2 c5 14.axb5 cxd4 15.exd4 Ng4
16.Bg5 Bxh2+ 17.Kh1 Bg1 18.Kxg1 Bxf3 19.g3 axb5 20.Rxa8 Bxa8 21.Qe2 Ngf6
22.Qxb5 Rb8 23.Qa6 Nh5 24.Be7 Nb6 25.Qa3 Qb7 26.d5 Nxd5 27.Nxd5 exd5 28.Bg2 Qxb2
29.Qxb2 Rxb2 30.Bxd5 Rb8 31.Ba2 Re8 32.Rd8 Rxd8 33.Bxd8 Bf3 34.Kh2 g6 35.Kh3 Kg7
36.g4 Nf6 37.Kg3 Bd1 38.g5 Ne4+ 39.Kg2 f6 40.f4 h6 41.Bd5 f5 42.gxh6+ Kxh6
43.Bxe4  1/2-1/2

[Event "20th TCh-CRO 1a"]
[Site "Sibenik CRO"]
[Date "2011.10.10"]
[Round "7.1"]
[White "Kovacevic,Vlat"]
[Black "Loncar,R"]
[Result "1-0"]
[WhiteElo "2471"]
[BlackElo "2385"]

1.d4 d5 2.Nf3 Nf6 3.e3 c6 4.c4 e6 5.Nc3 Nbd7 6.Qc2 Bd6 7.b3 O-O 8.Be2 a6
9.O-O e5 10.cxd5 cxd5 11.dxe5 Nxe5 12.Bb2 Bg4 13.Nxe5 Bxe5 14.Bxg4 Nxg4 15.h3 Nf6
16.Qf5 Re8 17.Rac1 Qa5 18.f4 Bd6 19.Rfd1 Ba3 20.Bxa3 Qxa3 21.Nxd5 Nxd5 22.Qxd5 Rxe3
23.Qxb7 Rf8 24.Rc8 Ree8 25.Rxe8 Rxe8 26.Qd7 Rf8 27.Rd2 h6 28.Kh2 a5 29.f5 Qb4
30.Rd4 Qe1 31.Qd6 Rc8 32.Rc4 Re8 33.f6 g5 34.h4 Qe5+ 35.Qxe5 Rxe5 36.h5 Rf5
37.Ra4 Rxf6 38.Rxa5 Rf4 39.a4 Kg7 40.Rb5 Rf2 41.a5 Ra2 42.b4 Ra4 43.Rb6 f5
44.a6 f4 45.b5 Ra2 46.Kh3 Ra3+ 47.Kg4 Kf7 48.Rxh6  1-0

[Event "TCh-ROU Superliga 2011"]
[Site "Brasov ROU"]
[Date "2011.10.11"]
[Round "4.2"]
[White "Balla,Ta"]
[Black "Thesing,M"]
[Result "0-1"]
[WhiteElo "2378"]
[BlackElo "2404"]

1.d4 d5 2.c4 e6 3.Nc3 c6 4.e3 Nf6 5.Nf3 Nbd7 6.Qc2 Be7 7.g4 dxc4 8.Bxc4 b5
9.Be2 Bb7 10.g5 Nd5 11.Nxd5 cxd5 12.Bd2 a6 13.Rg1 Bd6 14.Bd3 Rc8 15.Qd1 e5
16.dxe5 Nxe5 17.Bf5 Rc4 18.Nd4 Qe7 19.Kf1 g6 20.b3 Rc7 21.Bc2 O-O 22.f4 Nc6
23.Nf5 gxf5 24.Bxf5 Kh8 25.Bxh7 f5 26.Bg6 Kg7 27.Bh5 d4 28.Rg3 Bb4 29.Rh3 Rh8
30.exd4 Nxd4 31.Be3 Nc2 32.Bd4+ Nxd4 33.Qxd4+ Kg8 34.Bf7+ Kxf7 35.Rxh8 Bg2+
36.Kxg2 Qe2+ 37.Qf2 Qe4+ 38.Kh3 Kg7 39.Rh6 Rc3+ 40.Kh4 Bc5 41.Qd2 Rh3+  0-1

[Event "TCh-ROU Superliga 2011"]
[Site "Brasov ROU"]
[Date "2011.10.11"]
[Round "4.4"]
[White "Raceanu,V"]
[Black "Cioara,A"]
[Result "1/2-1/2"]
[WhiteElo "2417"]
[BlackElo "2436"]

1.d4 d5 2.c4 c6 3.Nc3 Nf6 4.e3 e6 5.Nf3 Nbd7 6.Qc2 Bd6 7.Bd3 dxc4 8.Bxc4 b5
9.Bd3 Bb7 10.Bd2 a6 11.Ne4 Nxe4 12.Bxe4 Rc8 13.b4 Qe7 14.Rb1 g6 15.Bc3 Nf6
16.Bd3 Nd5 17.Qb3 Nxc3 18.Qxc3 O-O 19.e4 f6 20.O-O e5 21.dxe5 fxe5 22.Bc2 c5
23.bxc5 Rxc5 24.Qd3 Rc7 25.Bb3+ Kg7 26.Bd5 Bc8 27.h3 Qf6 28.Rbc1 Rxc1 29.Rxc1 Bxh3
30.Rc6 Bg4 31.Rxa6 Bxf3 32.Qxf3 Qg5 33.Qc3 b4 34.Qc2 Qe7 35.Rc6 Kh8 36.g3 Rd8
37.Kg2 Rf8 38.Bb3 Qf6 39.Qe2 Rd8 40.Qa6 Qe7 41.Bd5 Qf6 42.Qb6 Qe7 43.Qe3 Rf8
44.Bb3 Kg7 45.Qb6 Rd8 46.Qb5 Rf8 47.Rb6 Kh8 48.Qd5 Bb8 49.Rb7 Qd6 50.Rd7 Qb6
51.Rf7 Rxf7 52.Qxf7 Qd8 53.Bd5 Bd6 54.f4 exf4 55.gxf4 Qf8 56.e5  1/2-1/2